|
|
|
|
| LEADER |
01023nam a2200337 4500 |
| 001 |
DLU110129792 |
| 005 |
##20111223 |
| 040 |
# |
# |
|a DLU
|b eng
|
| 041 |
# |
# |
|a eng
|
| 044 |
# |
# |
|a us
|
| 245 |
# |
# |
|a Male Drosophila melanogaster adjust ejaculate size based on female mating status, fecundity, and age /
|c Stefan Lupold ... [et al.].
|
| 653 |
# |
# |
|a Body size
|
| 653 |
# |
# |
|a Ejaculate size
|
| 653 |
# |
# |
|a Female reproductive value
|
| 653 |
# |
# |
|a Sperm competition
|
| 653 |
# |
# |
|a Sperm number
|
| 700 |
# |
# |
|a Ala-Honkola, Outi.
|
| 700 |
# |
# |
|a Belote, John M.
|
| 700 |
# |
# |
|a Lupold, Stefan.
|
| 700 |
# |
# |
|a Manier, Mollie K.
|
| 700 |
# |
# |
|a Pitnick, Scott.
|
| 773 |
# |
# |
|t Behavioral ecology
|g Vol. 22, no. 1 (January-February 2011), p. 184-191
|
| 920 |
# |
# |
|a Phòng Tạp chí -- Trung tâm Thông tin - Thư viện Trường Đại học Đà Lạt
|
| 994 |
# |
# |
|a DLU
|
| 900 |
# |
# |
|a True
|
| 911 |
# |
# |
|a Trương Bảo Trâm Anh
|
| 925 |
# |
# |
|a G
|
| 926 |
# |
# |
|a A
|
| 927 |
# |
# |
|a BB
|
| 980 |
# |
# |
|a Thư viện Trường Đại học Đà Lạt
|